Telling sexual stories : power, change, and social worlds

Αποθηκεύτηκε σε:
Λεπτομέρειες βιβλιογραφικής εγγραφής
Κύριος συγγραφέας: Plummer, Kenneth
Μορφή: Βιβλίο
Γλώσσα:English
Δημοσίευση: London : Routledge, 1995, 1995
Θέματα:
Ετικέτες: Προσθήκη ετικέτας
Δεν υπάρχουν, Καταχωρήστε ετικέτα πρώτοι!

MARC

LEADER 00000cam a2200000 i 4500
001 1/3470
008 100120s1995 eng d
020 |a 0-415-10296-0 (pbk.) 
035 |l 10106387 
040 |a GR-MY-UA  |b gre  |e aacr 
041 0 |a eng 
082 0 |a 306.7  |2 (22) 
100 1 |a Plummer, Kenneth. 
245 1 0 |a Telling sexual stories :  |b power, change, and social worlds /  |c Ken Plummer 
260 |a London :   |b Routledge, 1995,   |c 1995 
300 |a xii, 244 σ.;  |c 24 εκ. 
504 |a Βιβλιογραφία: σ. [217]-239 
504 |a Ευρετήριο: σ. [240]-244 
650 0 0 |a Sex. 
650 0 0 |a Intimacy (Psychology) 
650 0 0 |a Sex in popular culture. 
650 0 0 |a Storytelling  |x Psychological aspects. 
650 0 0 |a Coming out (Sexual orientation) 
650 0 0 |a Gay liberation movement. 
650 0 0 |a Sexual abuse victims. 
650 0 0 |a Feminism. 
852 |a INST  |b LESVOS  |e 20100120  |h 306.7 PLU  |p 005100045985  |q 005100045985  |t BK  |y 0 
901 |a BIBL1-2010-1 
909 |a Λ  |b 160634 
970 |a ΚΑΡΑ  |b ΓΙΑΣΕΜΗ  |z 2010/01/20